Регионална библиотека "Любен Каравелов" - Русе

Съдбоносната стрелка (Запис номер 354770)

MARC детайли
000 -Лидер
Контролно поле с фиксирана дължина 00873nam a2200253 a 4500
003 - Код на организацията, давaща контролен номер
Контролно поле BLK
005 - Дата и час на последна редакция
Контролно поле 20250122144958.0
008 - Елементи от данни с фиксирана дължина
fixed length control field 200415b bu ||||| |||| 00| 0 bu d
040 ## - Източник на каталожния запис
Идентификатор на билиотеката - собственик на записа BLK
041 ## - Код за език
Код за езика на текст/звукозапис или на отделно заглавие Български
Код за езика КДБФ Български
080 ## - УДК
Текстов определител УДК Английска литература
УДК код - определител по УДК 821.111
УДК определител -32
УДК - код + определител 821.111-32
100 ## - Редна дума - Автор
Автор Дженкс, Д.
Авторска отговорност първи автор
R(LIN) 1299
139 ## - Редно поле
Редна дума Дженкс, Д.
Авторски знак Дже - Д 50
245 ## - Сведения за заглавието
Заглавие Съдбоносната стрелка
Подзаглавни данни Разказ
Редно поле (дума) Д. Дженкс
260 ## - Област на издателските данни
Място на издаване, разпространение и проч. Русе
Година на издаване 1923
Печатница Учител
300 ## - Физическа характеристика
Страници 33 с.
Размери/Мащаб 18 см
380 ## - Жанр
Жанр Худож. лит.
490 ## - СЕРИИ (Колекции)
9 (RLIN) 207219
Име на серия Библиотека Звънче
№: серия 6
500 ## - Общи забележки
Забележка Съдържа и: Страшно правосъдие : Разказ / О. Оливер
852 ## - Местоположение
Форматна сигнатура К 821/Д 50
999 ## - СИСТЕМНИ КОНТРОЛНИ НОМЕРА
Koha biblionumber 354770
Koha biblioitemnumber 354770
942 ## - АРТИКУЛИ
Вид на библиотечния материал Книги
Скрит в OPAC Не
Периодичен библиозапис Да
Koha issues (borrowed), all copies 1
944 ## - СЪЗДАВАНЕ И РЕДАКЦИЯ на ЗАПИСА
Дата на регистрацията/редакция 2020-04-15
Служител, извършил регистрацията/редакцията 30558
Статус, дата на статуса Валя Йорданова
999 ## - СИСТЕМНИ КОНТРОЛНИ НОМЕРА
Koha biblioitemnumber 354770
Наличности
Код за отписване Код за изгубен артикул Източник на класификационната схема Код за повреда Коз за рестрикции Код за отдаване Артикулен № Име на библиотеката - собственик Име на библиотеката, в която се намира в момента Статус (Текущо местоположение) Дата на вписване в системата Местоположение - отдел Цена в лева Инвентарен номер Систематично азбучна сигнатура Баркод Цена в евро Служебен тип на артикула
  Не е изгубен Universal Decimal Classification Не е повреден само за читалня ползва се в читалня 762522 Регионална библиотека "Любен Каравелов" Русе Регионална библиотека "Любен Каравелов" Русе Краезнание 2020-04-17 Краезнание 0.30 180615 К 821/Д 50 120000180615 0.15 Книги
Vip Innovations Ltd, Rousse, Bulgaria 2025